| 000 | 00567nam a22001817a 4500 | ||
|---|---|---|---|
| 003 | CEME | ||
| 005 | 20210628210733.0 | ||
| 008 | 210105b xxu||||| |||| 00| 0 eng d | ||
| 020 | _a9789698535148 | ||
| 040 | _c. | ||
| 082 | _a297.7 MUH | ||
| 100 |
_aMuhammad Yousaf Siddique, Prof Dr _980771 |
||
| 245 | _aMashriq main islami tehzeeb kay assar bangal main arbi o farsi kutabat | ||
| 260 |
_aISLAMABAD _bNATIONAL UNIVERSITY OF SCIENCES AND TECHNOLOGY _c2013 |
||
| 300 | _aXXVIII, 649P | ||
| 650 |
_aGRAVE NAMEPLATES AND MEMORIAL SIGNS. _980772 |
||
| 942 |
_cBK _2ddc |
||
| 999 |
_c585655 _d585655 |
||